| 000 | 00590nam a22001817a 4500 | ||
|---|---|---|---|
| 003 | OSt | ||
| 005 | 20251124100301.0 | ||
| 008 | 251124b |||||||| |||| 00| 0 eng d | ||
| 020 | _a978-0-87779-673-3 | ||
| 040 |
_aDWC-Main lib. _cOC |
||
| 082 | _aGR. 423 M568 2014 | ||
| 245 | _aMerriam-Webster's elementary dictionary/ | ||
| 260 |
_aMassachusetts, U.S.A. : _bMerriam-Webster, _cc2014. |
||
| 300 |
_a824 pages : _bcolor illustrations ; _c26 cm. |
||
| 650 | _a1. English language--Dictionaries, Juvenile. | ||
| 650 | _a2. English language--Dictionaries. | ||
| 942 |
_2ddc _cGR _hGR _n0 |
||
| 999 |
_c6048 _d6048 |
||